000 00613nam a2200217Ia 4500
003 GCL
008 140319s9999 xx 000 0 ara d
040 _aGCL /
_cGCL
082 0 4 _a956.9
_bح ش
100 1 _aحسن ظاظا
245 1 0 _aالشخصية الاسرائيلية /
_cحسن ظاظا
300 _a110 ص
490 _a
650 0 4 _aاسرائيل
650 0 4 _aالاقليات
650 0 4 _aالصهيونية
650 0 4 _aالتفرقة العنصرية
650 0 4 _aالشخصية والسياسة
650 0 4 _aاليهود - الاحوال الاجتماعية
942 _2ddc
_cBK
999 _c37769
_d37769